|
|
|
|
| LEADER |
00000nas a2200000 a 4500 |
| 001 |
ssj0000685079 |
| 003 |
WaSeSS |
| 005 |
20200512172242.0 |
| 006 |
m d |
| 007 |
cr n |
| 008 |
120422c19uu9999enkw| p|s|||||| |0eng d |
| 035 |
|
|
|a (WaSeSS)ssj0000685079
|
| 040 |
|
|
|a WaSeSS
|c WaSeSS
|d WaSeSS
|
| 050 |
|
4 |
|a HF1371
|
| 245 |
0 |
0 |
|a MTNweek
|h [electronic resource].
|
| 246 |
1 |
|
|a MTN week
|
| 260 |
|
|
|a [London] :
|b Euromoney Trading
|
| 310 |
|
|
|a Weekly
|
| 506 |
|
|
|a License restrictions may limit access.
|
| 588 |
|
|
|a Description based on: Jan 7, 2000, Article ID A89862428; title from title screen (Business & Company Resource Center, viewed April 20, 20112).
|
| 588 |
|
|
|a Latest issue consulted: July 5, 2002, Article ID A89430364 (viewed April 20, 2012).
|
| 650 |
|
0 |
|a International trade
|v Periodicals.
|
| 650 |
|
0 |
|a Commerce
|v Periodicals.
|
| 650 |
|
0 |
|a Investments
|v Periodicals.
|
| 650 |
|
0 |
|a Foreign exchange
|v Periodicals.
|
| 650 |
|
0 |
|a Investment analysis
|v Periodicals.
|
| 655 |
|
0 |
|a Electronic journals.
|
| 776 |
0 |
8 |
|i Print version:
|t MTNweek
|x 1472-2925
|
| 856 |
4 |
0 |
|z Full text available from Research Library: 10/25/2002 to 05/09/2003
|u https://search.proquest.com/publication/27241
|